000 00298nam a22001337a 4500
008 170808b xxu||||| |||| 00| 0 eng d
020 _a9780072229172
041 _aeng
080 _a004
100 _a34
101 _aSHK
245 _aMICROSOFT OFFICE ACCESS 2003
_cANDERSEN,V
942 _2udc
_cBK
999 _c22871
_d22871